State manufacturing enterprise in a mixed economy : (Record no. 52162)
[ view plain ]
| 000 -LEADER | |
|---|---|
| fixed length control field | 00932cam a2200277 a 4500 |
| 001 - CONTROL NUMBER | |
| control field | 52162 |
| 003 - CONTROL NUMBER IDENTIFIER | |
| rucl marc code | BD-RjUL |
| 005 - DATE AND TIME OF LATEST TRANSACTION | |
| control field | 20211209075749.0 |
| 008 - FIXED-LENGTH DATA ELEMENTS--GENERAL INFORMATION | |
| fixed length control field | 1609 s1980 mdua 001 0 eng |
| 020 ## - INTERNATIONAL STANDARD BOOK NUMBER | |
| International Standard Book Number | 0801822262 : |
| International Standard Book Number | 0801822270 (pbk.) : |
| 035 ## - SYSTEM CONTROL NUMBER | |
| System control number | (BD-RjUL)52282 |
| 040 ## - CATALOGING SOURCE | |
| Original cataloging agency | DLC |
| Transcribing agency | DLC |
| Modifying agency | DLC |
| Language of cataloging | eng |
| 041 ## - LANGUAGE CODE | |
| Language code of text/sound track or separate title | eng |
| 082 00 - DEWEY DECIMAL CLASSIFICATION NUMBER | |
| Edition number | 23 |
| Classification number | 338.4809561 |
| Author mark and year | WAS 1980 |
| 100 1# - MAIN ENTRY--PERSONAL NAME | |
| Personal name | Wålstedt, Bertil |
| 9 (RLIN) | 156028 |
| 245 10 - TITLE STATEMENT | |
| Title | State manufacturing enterprise in a mixed economy : |
| Remainder of title | the Turkish case / |
| Statement of responsibility, etc. | Bertil Wålstedt. |
| 260 ## - PUBLICATION, DISTRIBUTION, ETC. (IMPRINT) | |
| Place of publication, distribution, etc. | Baltimore : |
| Name of publisher, distributor, etc. | Published for the World Bank [by] the Johns Hopkins University Press, |
| Date of publication, distribution, etc. | c1980 |
| 300 ## - PHYSICAL DESCRIPTION | |
| Pagination | xxii, 354 p. : |
| Illustrations | ill. ; |
| Size | 23 cm. |
| 500 ## - GENERAL NOTE | |
| General note | Includes index. |
| 650 #0 - SUBJECT ADDED ENTRY--TOPICAL TERM | |
| Topical term or geographic name as entry element | Government business enterprises |
| Geographic subdivision | Turkey. |
| 9 (RLIN) | 156029 |
| Topical term or geographic name as entry element | Manufacturing industries |
| Geographic subdivision | Turkey. |
| 9 (RLIN) | 156030 |
| Topical term or geographic name as entry element | Mixed economy |
| Geographic subdivision | Turkey. |
| 9 (RLIN) | 156031 |
| 710 2# - ADDED ENTRY--CORPORATE NAME | |
| Corporate name or jurisdiction name as entry element | World Bank. |
| 9 (RLIN) | 156032 |
| 942 ## - ADDED ENTRY ELEMENTS (KOHA) | |
| Source of classification or shelving scheme | Dewey Decimal Classification |
| Koha item type | Books |
| Lost status | Source of classification or shelving scheme | Damaged status | Not for loan | Collection code | Permanent Location | Current Location | Shelving location | Date acquired | Source of acquisition | Total Checkouts | Full call number | Date last seen | Copy number | Koha item type |
|---|---|---|---|---|---|---|---|---|---|---|---|---|---|---|
| Dewey Decimal Classification | Non-fiction | Central Library, University of Rajshahi | Central Library, University of Rajshahi | 24/10/1992 | N/A | 338.4809561 WAS 1980 | 06/09/2016 | C-2 | Books |